LEADER 01545nam0 2200373 i 450 001 BVE0038734 005 20231121125412.0 010 $a8880110004 020 $aIT$bEDI-1228 100 $a20140917d1993 ||||0itac50 ba 101 | $agrc$aita 102 $ait 181 1$6z01$ai $bxxxe 182 1$6z01$an 200 1 $aLessico erotico della tragedia greca$fMaria Teresa Cassanello$gcon la collaborazione di Giulio Guidorizzi 210 $aRoma$cGruppo editoriale internazionale$d\1993! 215 $a139 p.$d24 cm. 225 | $aLessici$v2 410 0$1001BVE0038741$12001 $aLessici$v2 606 $aTragedia greca$xLessico erotico$2FIR$3RMLC402975$9I 676 $a413.028$9Dizionari delle forme standard delle lingue. Lessicografia.$v22 676 $a483$9Dizionari del greco classico$v22 676 $a882.01$9Dramma e poesia drammatica in greco classico. Origini-499.$v21 700 1$aCassanello$b, Maria Teresa$3BVEV013887$4070$0527452 702 1$aGuidorizzi$b, Giulio$3CFIV036583 801 3$aIT$bIT-01$c20140917 850 $aIT-RM0418 $aIT-FR0017 899 $aBIBLIOTECA ACCADEMIA NAZ. DEI LINCEI E CORSINIANA$bRM0418 899 $aBiblioteca umanistica Giorgio Aprea$bFR0017 $eN 912 $aBVE0038734 950 0$aBiblioteca umanistica Giorgio Aprea$d 52S.SIJ. G1 LETG.Cas.$e 52FLS0000235055 VMB RS $fC $h20140917$i20140917 977 $a 10$a 52 996 $aLessico erotico della tragedia greca$9812891 997 $aUNICAS LEADER 02740oam 2200505 450 001 9910782830003321 005 20170523091609.0 010 $a1-322-30538-2 010 $a1-4522-6725-1 010 $a9781452235409 010 $a1-60426-314-8 035 $a(OCoLC)429409823 035 $a(MiFhGG)GVRL2ZHK 035 $a(EXLCZ)991000000000746786 100 $a20040303d2004 uy 0 101 0 $aeng 135 $aurun|---uuuua 181 $ctxt 182 $cc 183 $acr 200 00$a100 Americans making constitutional history $ea biographical history /$fedited by Melvin I. Urofsky 210 $aWashington DC ;$aLondon $cCQ Press$dc2004 210 1$aWashington, D.C. :$cCQ Press,$d2004. 215 $a1 online resource (xxii, 295 pages) $cillustrations 225 0 $aGale eBooks 300 $aDescription based upon print version of record. 311 $a1-4522-3540-6 311 $a1-56802-799-0 320 $aIncludes bibliographical references and indexes. 327 $aHalf Title; Title Page; Copyright; Dedication; Contents; Topical Contents; Contributors; Preface; Profiles of the Litigants-A; Profiles of the Litigants-B; Profiles of the Litigants-C; Profiles of the Litigants-D; Profiles of the Litigants-E; Profiles of the Litigants-F; Profiles of the Litigants-G; Profiles of the Litigants-H; Profiles of the Litigants-J; Profiles of the Litigants-L; Profiles of the Litigants-M; Profiles of the Litigants-N; Profiles of the Litigants-P; Profiles of the Litigants-Q; Profiles of the Litigants-R; Profiles of the Litigants-S; Profiles of the Litigants-T 327 $aProfiles of the Litigants-VProfiles of the Litigants-W; Profiles of the Litigants-Y; Appendixes-Contents; Constitution of the United States; Thumbnail Sketch of the Supreme Court's History; Summaries of Litigants' Cases; The Justices; How to Read a Court Citation; Online Sources of Decisions; Case Index; Subject Index; Photo Credits 330 8 $aHelps students understand the human side of the Supreme Court's decisions from the early republic to the present. Each biographical profile includes a discussion about the Court decision and how the specific legal issues evolved into great constitutional questions and drama. 517 3 $aOne hundred Americans making constitutional history 606 $aConstitutional law$zUnited States$vCases 606 $aParties to actions$zUnited States$vBiography 615 0$aConstitutional law 615 0$aParties to actions 676 $a342.73 702 $aUrofsky$b Melvin I. 801 0$bMiFhGG 801 1$bMiFhGG 906 $aBOOK 912 $a9910782830003321 996 $a100 Americans making constitutional history$93870991 997 $aUNINA